000 00937nac a22002291u 4500
010 _a 90013363
020 _a0582050669
020 _a0470216859 (USA)
082 0 0 _a666.893
_bRIC
090 _c7406
_d7406
100 _aRichardson, John Georg
245 1 0 _aQuality in precast concrete :
_bdesign--production--supervision /
_cJohn G. Richardson.
260 _aHarlow, Essex, England :
_bLongman Scientific & Technical ;
_aNew York :
_bCopublished in the U.S. with Wiley,1991
_c1991.
300 _ax, 395 p. :
_bill. ;
_c25 cm.
440 0 _aConcrete design and construction series
500 _adistributer: Al-Ahram
504 _aIncludes bibliographical references and index.
511 _acatalogued by: wessam
650 0 _aPrecast concrete.
942 _cBB
_k666.893RIC
999 _c7406
_d7406